000 00932nam a22002537a 4500
003 URS
005 20251022133319.0
008 250908b ||||| |||| 00| 0 eng d
040 _cURS
043 _aURS
050 _aTPL6051
_b.C637 2024
100 _aContiga, Marvin C.
245 _aPagtataya ng mga Pag-aaral sa mga Kontekstwalisado at Lokalisadong Materyal sa Filipino: Basehan sa Pagbuo ng Pagpapayamang Gawain
260 _cJune 2024
300 _a108 leaves :
_billustrations ;
_c28 cm.
336 _2rdacontent
_atext
337 _2rdamedia
_aunmediated
338 _2rdacarrier
_avolume
502 _aThesis
_bMaster of Arts in Teaching Major in Filipino
_cUniversity of Rizal System-Morong
_d2024
650 0 _aFilipino language--Study and teaching.
700 _aBias, Arnel P.
_edegree supervisor
856 _3Online Request for Student Unpublished Works
_uhttps://forms.gle/7LqvGGkaDrUQqz429
942 _2lcc
_cT
999 _c85971
_d85969